[Event "Ýòàï Êóáêà Ðîññèè ïî øàõìàòàì ñðåäè æåí"]
[Site "Naberezhnye Chelny"]
[Date "2017.08.03"]
[Round "2.8"]
[White "Ñìèðíîâà, Åêàòåðèíà."]
[Black "Ãóòêîâè÷, Ïîëèíà."]
[Result "0-1"]
[WhiteElo "2141"]
[BlackElo "1885"]
[PlyCount "70"]
[EventDate "2017.08.02"]

1. d4 d5 2. c4 e6 3. Nc3 c6 4. e3 Nf6 5. Nf3 Nbd7 6. Bd3 dxc4 7. Bxc4 b5 8. Bd3
Bb7 9. e4 b4 10. Na4 c5 11. dxc5 Nxc5 12. Nxc5 Bxc5 13. Qe2 Qb6 14. O-O Ke7 15.
e5 Nd5 16. Ng5 f6 17. Ne4 Bd4 18. exf6+ gxf6 19. Ng3 Be5 20. Kh1 Rag8 21. f4
Bc7 22. Bd2 h5 23. Qf2 h4 24. Ne4 h3 25. gxh3 Rxh3 26. Bc2 f5 27. Qc5+ Kd8 28.
Qxb6 Nxb6 29. Rae1 Nd7 30. Bxb4 Nf6 31. Rg1 Rxg1+ 32. Kxg1 Nxe4 33. Rd1+ Kc8
34. Bb3 Rh6 35. Rc1 Kb8 0-1

[Event "Ýòàï Êóáêà Ðîññèè ïî øàõìàòàì ñðåäè æåí"]
[Site "Naberezhnye Chelny"]
[Date "2017.08.03"]
[Round "2.9"]
[White "Ñîñíèíà, Íàäåæäà."]
[Black "Õàðìóíîâà, Íàäåæäà."]
[Result "0-1"]
[WhiteElo "1687"]
[BlackElo "2162"]
[PlyCount "98"]
[EventDate "2017.08.02"]

1. e4 e5 2. Nf3 Nc6 3. Bb5 a6 4. Ba4 Nf6 5. Qe2 Bc5 6. c3 b5 7. Bb3 O-O 8. d3
d5 9. Bg5 Be6 10. Bxf6 gxf6 11. Nh4 Kh8 12. Qf3 Rg8 13. h3 f5 14. Nxf5 Bxf5 15.
exf5 e4 16. dxe4 Ne5 17. Qd1 Rxg2 18. Rf1 Bxf2+ 19. Rxf2 Qh4 20. Qd4 Rxf2 21.
Qxe5+ f6 22. Qd4 Rxf5+ 23. Kd1 c5 24. Qe3 dxe4 25. Nd2 Rd8 26. Kc1 Rd3 27. Qg1
Rg3 28. Qh1 Rxh3 29. Qxe4 Rf1+ 30. Bd1 Rxd1+ 31. Kxd1 Rh1+ 32. Kc2 Qxe4+ 33.
Nxe4 Rxa1 34. Nxf6 Rxa2 35. Nd7 h5 36. Nxc5 h4 37. Kb1 h3 38. Kxa2 h2 39. Nxa6
h1=Q 40. Nb4 Kg7 41. Kb3 Qd1+ 42. Ka2 Kf6 43. b3 Ke5 44. Nc6+ Ke4 45. Nb4 Qd2+
46. Kb1 Qxc3 47. Nc2 Qxb3+ 48. Kc1 Kd3 49. Ne1+ Kc3 0-1

[Event "Ýòàï Êóáêà Ðîññèè ïî øàõìàòàì ñðåäè æåí"]
[Site "Naberezhnye Chelny"]
[Date "2017.08.03"]
[Round "2.10"]
[White "Âàñèëåâè÷, Òàòüÿíà."]
[Black "Ãàåð, Ìàðãàðèòà."]
[Result "1-0"]
[WhiteElo "2380"]
[BlackElo "1521"]
[PlyCount "65"]
[EventDate "2017.08.02"]

1. Nf3 d5 2. c4 d4 3. b4 g6 4. e3 dxe3 5. fxe3 Bg7 6. d4 e6 7. Bb2 Ne7 8. Bd3
Nf5 9. Qe2 O-O 10. O-O c6 11. Nc3 Na6 12. a3 Nc7 13. Be4 Bh6 14. Nd1 Nd6 15.
Bd3 b6 16. e4 Bb7 17. c5 Nc8 18. Ne3 Bg7 19. Rfe1 b5 20. Kh1 f5 21. Ne5 Ne7 22.
Rf1 a5 23. Nc2 a4 24. Ne3 Bf6 25. Rad1 Qe8 26. Bb1 Rd8 27. Ba2 Kg7 28. g3 Rh8
29. g4 fxe4 30. d5 Nexd5 31. g5 Bxg5 32. Nf7+ Bf6 33. Nxd8 1-0

[Event "Ýòàï Êóáêà Ðîññèè ïî øàõìàòàì ñðåäè æåí"]
[Site "Naberezhnye Chelny"]
[Date "2017.08.03"]
[Round "2.11"]
[White "Ñòðîãàíîâà, Êàðèíà."]
[Black "Øàéäóëëèíà, Ñàíäóãà÷."]
[Result "0-1"]
[WhiteElo "1625"]
[BlackElo "2252"]
[PlyCount "74"]
[EventDate "2017.08.02"]

1. d4 f5 2. Nc3 Nf6 3. Bg5 d5 4. Bxf6 exf6 5. e3 c6 6. Bd3 g6 7. h3 h5 8. Qf3
Be6 9. Nge2 Na6 10. a3 Qb6 11. g4 hxg4 12. hxg4 fxg4 13. Bxg6+ Kd7 14. Qg2 Bd6
15. O-O-O Qa5 16. e4 Nc7 17. Bf5 Bxf5 18. exf5 g3 19. fxg3 b5 20. g4 Rag8 21.
Rxh8 Rxh8 22. Rh1 Rg8 23. Rh7+ Kc8 24. Rf7 Ne8 25. Qh3 Qd8 26. Nd1 Bc7 27. Nf2
Nd6 28. Rh7 Nc4 29. Qh6 Qe8 30. Nc3 Qe3+ 31. Kb1 Bf4 32. Qh1 Nd2+ 33. Ka2 Qxd4
34. Qh5 Qc4+ 35. Ka1 d4 36. Nce4 Qf1+ 37. Ka2 Qb1# 0-1

[Event "Ýòàï Êóáêà Ðîññèè ïî øàõìàòàì ñðåäè æåí"]
[Site "Naberezhnye Chelny"]
[Date "2017.08.03"]
[Round "2.12"]
[White "Çèííàòóëëèíà, Àäåëÿ."]
[Black "Ìàãèçîâà, ßíà."]
[Result "1-0"]
[WhiteElo "1985"]
[BlackElo "1556"]
[PlyCount "83"]
[EventDate "2017.08.02"]

1. d4 Nf6 2. Nf3 e6 3. c4 Bb4+ 4. Nbd2 b6 5. a3 Be7 6. e4 Bb7 7. e5 Ne4 8. Nxe4
Bxe4 9. Bd3 Bb7 10. O-O O-O 11. Ne1 Nc6 12. Be3 f5 13. f4 Qe8 14. d5 Nd8 15.
Be2 Nf7 16. Bf3 Rd8 17. Qc2 Ba6 18. Qa4 Bc8 19. Qxa7 Nh6 20. Qxc7 Ba6 21. b3
Ng4 22. Bxg4 fxg4 23. Qxb6 Ra8 24. dxe6 dxe6 25. Qxe6+ Kh8 26. Qxg4 Bb7 27. a4
Ra6 28. f5 Qc8 29. h3 Bb4 30. Bd4 Qc7 31. Nd3 Be7 32. a5 Qc6 33. Nf4 Rg8 34.
Nd5 Bf8 35. e6 Qc8 36. e7 Bxd5 37. exf8=Q Qxf8 38. cxd5 Qf7 39. Qf3 Rf8 40. b4
Rb8 41. Bc5 Qf6 42. Qf4 1-0

[Event "Ýòàï Êóáêà Ðîññèè ïî øàõìàòàì ñðåäè æåí"]
[Site "Naberezhnye Chelny"]
[Date "2017.08.03"]
[Round "2.13"]
[White "Òåðÿåâà, Âàëåðèÿ."]
[Black "Àõòûðñêàÿ, Àíàñòàñèÿ."]
[Result "1-0"]
[WhiteElo "1771"]
[BlackElo "1468"]
[PlyCount "51"]
[EventDate "2017.08.02"]

1. e4 d5 2. exd5 Qxd5 3. Nc3 Qa5 4. Bc4 Nf6 5. d3 Bf5 6. Bd2 c6 7. Qe2 Nbd7 8.
Nb5 Qa4 9. Nd6+ Kd8 10. Nxf7+ Kc8 11. Nxh8 Qxc2 12. Bc3 Qa4 13. Nf3 Bg4 14. O-O
Kc7 15. h3 Bxf3 16. Qxf3 Re8 17. Nf7 Kb8 18. Rfe1 Ka8 19. a3 c5 20. Re6 Nb6 21.
b3 Qd7 22. Rae1 Nc8 23. a4 Qc7 24. Be5 Qa5 25. Rc1 Nb6 26. Bc3 1-0

[Event "Ýòàï Êóáêà Ðîññèè ïî øàõìàòàì ñðåäè æåí"]
[Site "Naberezhnye Chelny"]
[Date "2017.08.03"]
[Round "2.14"]
[White "Áóäêèíà, Êàðîëèíà."]
[Black "Íèêîíîâà, Èðèíà."]
[Result "0-1"]
[WhiteElo "1380"]
[BlackElo "1839"]
[PlyCount "88"]
[EventDate "2017.08.02"]

1. e4 c5 2. Nf3 e6 3. d4 cxd4 4. Nxd4 a6 5. Be2 Qc7 6. O-O Nf6 7. Qd3 Nc6 8.
Be3 Ne5 9. Qd1 Nxe4 10. Nd2 Nf6 11. N2f3 d5 12. Nxe5 Qxe5 13. c3 Qc7 14. Qb3
Bd6 15. h3 O-O 16. Rac1 b5 17. a4 bxa4 18. Qxa4 Bd7 19. Qc2 Rfb8 20. c4 e5 21.
Nf5 Bf8 22. Ng3 d4 23. Bd2 Bc6 24. Bd3 Qb7 25. f3 Qxb2 26. Qd1 Qa3 27. Qe2 Rb2
28. Ra1 Qc5 29. Qe1 Bd6 30. Ra5 Qb6 31. Nf5 Bd7 32. Nxd6 Qxd6 33. Rxe5 Rxd2 34.
Qxd2 Qxe5 35. Re1 Qg3 36. Kf1 a5 37. Bc2 Qd6 38. Ra1 a4 39. Qd3 g6 40. Kf2 Bf5
41. Qd2 d3 42. Bb3 Qd4+ 43. Kf1 Qxa1+ 44. Kf2 axb3 0-1

[Event "Ýòàï Êóáêà Ðîññèè ïî øàõìàòàì ñðåäè æåí"]
[Site "Naberezhnye Chelny"]
[Date "2017.08.03"]
[Round "2.15"]
[White "ßêèìîâà, Ìàðèÿ."]
[Black "Ìàëüöåâà, Àëåêñàíäðà."]
[Result "1-0"]
[WhiteElo "1772"]
[BlackElo "1145"]
[PlyCount "69"]
[EventDate "2017.08.02"]

1. e4 e5 2. Nf3 Nc6 3. d4 exd4 4. Nxd4 Nf6 5. Nxc6 bxc6 6. e5 Qe7 7. Qe2 Nd5 8.
c4 Ba6 9. b3 Nb6 10. Nd2 g6 11. Bb2 Bg7 12. f4 d5 13. Qf3 O-O 14. cxd5 Bxf1 15.
Rxf1 Nxd5 16. O-O-O Qc5+ 17. Nc4 a5 18. Qf2 Qb4 19. Ba3 Qc3+ 20. Kb1 Rfb8 21.
Qf3 Qxc4 22. Rc1 Qb5 23. Rc5 Qa4 24. Bb2 Qb4 25. Rc4 Qb7 26. f5 a4 27. fxg6
fxg6 28. Qf7+ Kh8 29. e6 Bxb2 30. Rh4 h5 31. Qxg6 Nc3+ 32. Kxb2 Ra5 33. Rf7
Nd1+ 34. Ka1 Qxb3 35. Qh7# 1-0

[Event "Ýòàï Êóáêà Ðîññèè ïî øàõìàòàì ñðåäè æåí"]
[Site "Naberezhnye Chelny"]
[Date "2017.08.03"]
[Round "2.16"]
[White "Àëèøåâà, Àéãóëü."]
[Black "Ñîñíèíà, Åêàòåðèíà."]
[Result "0-1"]
[WhiteElo "1199"]
[BlackElo "1732"]
[PlyCount "84"]
[EventDate "2017.08.02"]

1. e4 d5 2. d4 dxe4 3. Nc3 Nf6 4. f3 exf3 5. Nxf3 g6 6. Bf4 Bg7 7. Qd2 c6 8.
O-O-O Qa5 9. Ne5 b5 10. Bh6 O-O 11. Kb1 b4 12. Ne2 Be6 13. Nc1 Ne4 14. Qe3 Bxh6
15. Qxe4 Bxc1 16. Kxc1 Qxa2 17. Bd3 Qa1+ 18. Kd2 Qxb2 19. Rhe1 Rd8 20. Nf3 Nd7
21. Ke2 Nf6 22. Qf4 Bg4 23. Kf1 Bxf3 24. Qxf3 Qxd4 25. Be4 Qc4+ 26. Bd3 Qg4 27.
Qxc6 Qf4+ 28. Kg1 Ng4 29. Qf3 Qd4+ 30. Kh1 Nf2+ 31. Kg1 Nxd1+ 32. Kh1 Nf2+ 33.
Kg1 Nxd3+ 34. Kh1 Nxe1 35. Qe2 Qa1 36. g3 Rd2 37. Qxd2 Nf3+ 38. Kg2 Nxd2 39. g4
Qf1+ 40. Kg3 Ne4+ 41. Kh4 g5+ 42. Kh5 Qh3# 0-1

[Event "Ýòàï Êóáêà Ðîññèè ïî øàõìàòàì ñðåäè æåí"]
[Site "Naberezhnye Chelny"]
[Date "2017.08.03"]
[Round "2.17"]
[White "Ëûñåíêî, Îëåñÿ."]
[Black "Íóðóëëèíà, Ðàëèíà."]
[Result "1-0"]
[WhiteElo "1658"]
[BlackElo "1080"]
[PlyCount "65"]
[EventDate "2017.08.02"]

1. e4 g6 2. d4 Bg7 3. Nf3 d6 4. Bc4 Nf6 5. Nc3 O-O 6. Bf4 Nbd7 7. Qd2 c5 8. d5
Nb6 9. Be2 Bd7 10. h4 Na4 11. e5 dxe5 12. Nxe5 Nxc3 13. bxc3 Bf5 14. Bf3 Ne4
15. Bxe4 Bxe4 16. c4 Bxg2 17. Rh2 Be4 18. h5 e6 19. f3 Bxf3 20. h6 Bh8 21. Qe3
Qf6 22. Qxf3 g5 23. Rg2 Qxh6 24. Bxg5 Qg6 25. O-O-O Bxe5 26. Be7 Bf4+ 27. Kb1
Rfe8 28. Rxg6+ fxg6 29. d6 Bh6 30. d7 Rad8 31. Bxd8 Rxd8 32. Qf6 Rf8 33. Qxf8+
1-0

[Event "Ýòàï Êóáêà Ðîññèè ïî øàõìàòàì ñðåäè æåí"]
[Site "Naberezhnye Chelny"]
[Date "2017.08.03"]
[Round "2.18"]
[White "Øàêèðîâà, Êàðèíà."]
[Black "Ôàéðóçîâà, Çóëüôèÿ."]
[Result "0-1"]
[WhiteElo "1172"]
[BlackElo "1707"]
[PlyCount "88"]
[EventDate "2017.08.02"]

1. e4 e5 2. Nf3 d6 3. Nc3 Nf6 4. Bc4 Be7 5. O-O O-O 6. d3 Nc6 7. Be3 a6 8. Re1
Bg4 9. Bd5 Nxd5 10. Nxd5 Bf6 11. Nxf6+ Qxf6 12. Qe2 Bxf3 13. Qxf3 Qxf3 14. gxf3
f5 15. Kh1 f4 16. Bd2 Nd4 17. Red1 Nxf3 18. c3 Rf6 19. Rac1 Rh6 20. Kg2 Nxh2
21. Rh1 Ng4 22. f3 Rxh1 23. Rxh1 Nf6 24. Kf2 Kf7 25. Be1 g5 26. Kg2 h5 27. d4
Rd8 28. Bf2 Kg6 29. Rd1 Rd7 30. dxe5 dxe5 31. Rxd7 Nxd7 32. b4 Nf6 33. a4 g4
34. fxg4 hxg4 35. c4 c6 36. Bg1 Nxe4 37. Kf1 f3 38. Bh2 g3 39. Bg1 f2 40. Kg2
Kf5 41. Kf1 Kg4 42. Kg2 fxg1=Q+ 43. Kxg1 Kf3 44. Kh1 Kf2 0-1

[Event "Ýòàï Êóáêà Ðîññèè ïî øàõìàòàì ñðåäè æåíù"]
[Site "Naberezhnye Chelny"]
[Date "2017.08.04"]
[Round "3.1"]
[White "Íå÷àåâà, Ìàðèíà."]
[Black "Ñåìåíîâà, Åëåíà."]
[Result "1/2-1/2"]
[WhiteElo "2432"]
[BlackElo "2275"]
[PlyCount "95"]
[EventDate "2017.08.02"]

1. d4 Nf6 2. c4 e6 3. Nc3 Bb4 4. Nf3 b6 5. e3 Bb7 6. Bd3 c5 7. O-O Bxc3 8. bxc3
d6 9. Nd2 Nc6 10. Bb2 O-O 11. e4 e5 12. f3 Rc8 13. Nb3 Nh5 14. Rf2 Nf4 15. Bf1
Rc7 16. g3 Ng6 17. d5 Nce7 18. Nd2 Bc8 19. Bc1 Kh8 20. h4 Ng8 21. h5 N6e7 22.
f4 f6 23. Be2 Nh6 24. Nf3 Ng4 25. Rg2 Ng8 26. Nh4 N4h6 27. f5 Nf7 28. Rh2 Ng5
29. Bd3 Nh6 30. Kg2 Kg8 31. Bd2 Kf7 32. Qc1 Ke8 33. Bc2 Nhf7 34. Ba4+ Bd7 35.
Bxd7+ Qxd7 36. Qc2 Nd8 37. Bxg5 fxg5 38. Nf3 h6 39. Rhh1 Nb7 40. a4 Na5 41. Qa2
Kd8 42. Rab1 Rb7 43. Nh2 Kc8 44. Ng4 Rf6 45. Rb5 a6 46. Rb2 Kb8 47. Ne3 Ka7 48.
Ng4 1/2-1/2

[Event "Ýòàï Êóáêà Ðîññèè ïî øàõìàòàì ñðåäè æåíù"]
[Site "Naberezhnye Chelny"]
[Date "2017.08.04"]
[Round "3.2"]
[White "×àðî÷êèíà, Äàðüÿ."]
[Black "Õàðìóíîâà, Íàäåæäà."]
[Result "0-1"]
[WhiteElo "2344"]
[BlackElo "2162"]
[PlyCount "107"]
[EventDate "2017.08.02"]

1. d4 Nf6 2. Bf4 d5 3. e3 g6 4. h4 c6 5. Nc3 Nbd7 6. Be2 Qb6 7. Rb1 h5 8. b4 e5
9. dxe5 Bxb4 10. Kf1 Qa5 11. Rxb4 Qxb4 12. Qa1 d4 13. exd4 Qxd4 14. Be3 Qxe5
15. Nf3 Qe7 16. Bg5 O-O 17. Bd3 Qd6 18. Nd2 Re8 19. Nce4 Nxe4 20. Nxe4 Qe5 21.
Qd1 b6 22. Rh3 Qd4 23. Be3 Qd5 24. c4 Qe5 25. Bc2 Qe6 26. Rg3 Qxc4+ 27. Bd3 Qd5
28. Nc3 Qe5 29. Qb3 Re6 30. Rg5 Qf6 31. Ne4 Qe7 32. Bc4 Rxe4 33. Rxg6+ Kh7 34.
Rh6+ Kg7 35. Rxh5 Nf6 36. Bh6+ Kh7 37. Bf8+ Nxh5 38. Bxe7 Rxe7 39. Qd3+ Kg7 40.
Qd4+ Nf6 41. h5 Re4 42. h6+ Kg6 43. Qc3 Bf5 44. Bd3 Rh4 45. Bxf5+ Kxf5 46. Qc2+
Kg5 47. g3 Rxh6 48. f4+ Kg4 49. Qe2+ Kf5 50. Qd3+ Ne4 51. Qd7+ Re6 52. Qxf7+
Rf6 53. Qh5+ Ke6 54. Qe5+ {Çàïèñü íåðàçáîð~~èâà} 0-1

[Event "Ýòàï Êóáêà Ðîññèè ïî øàõìàòàì ñðåäè æåíù"]
[Site "Naberezhnye Chelny"]
[Date "2017.08.04"]
[Round "3.3"]
[White "Õëè÷êîâà, Òàòüÿíà."]
[Black "Ãóòêîâè÷, Ïîëèíà."]
[Result "1/2-1/2"]
[WhiteElo "2285"]
[BlackElo "1885"]
[PlyCount "148"]
[EventDate "2017.08.02"]

1. d4 Nf6 2. c4 e6 3. g3 d5 4. Nf3 dxc4 5. Bg2 Nc6 6. O-O Rb8 7. a4 a6 8. Nc3
Be7 9. e3 b5 10. axb5 axb5 11. Qe2 O-O 12. Rd1 Nb4 13. Ne5 Bb7 14. e4 c6 15. g4
Nd7 16. Bf4 Nxe5 17. Bxe5 Ra8 18. Rxa8 Qxa8 19. Bg3 Nd3 20. b3 Qa5 21. bxc4
bxc4 22. Qc2 Ba6 23. Bf1 Rd8 24. Ne2 Bb5 25. Nc3 Ba6 26. Ne2 Qa3 27. Rb1 Nb4
28. Qd2 c5 29. Qf4 cxd4 30. Qc7 Kf8 31. Be5 d3 32. Bxg7+ Ke8 33. Nd4 Rc8 34.
Qe5 d2 35. Rd1 Qc1 36. Be2 c3 37. Bb5+ Kd8 38. Ba4 c2 39. Qa5+ Rc7 40. Nc6+
Nxc6 41. Qxd2+ Qxd2 42. Rxd2+ Kc8 43. Rxc2 Nb4 44. Rd2 Nd3 45. Bd1 Rc1 46. Kg2
Bg5 47. Ra2 Bc4 48. Ra1 Rxa1 49. Bxa1 Kd7 50. f3 Ke7 51. Bd4 Bf6 52. Be3 Be5
53. h4 Bf4 54. Bxf4 Nxf4+ 55. Kf2 Kd6 56. h5 Kc5 57. Kg3 e5 58. Kh4 Ne6 59. g5
Kd6 60. Kg4 Nd4 61. f4 Be2+ 62. Bxe2 Nxe2 63. f5 Nf4 64. g6 fxg6 65. fxg6 Nxg6
66. hxg6 hxg6 67. Kg5 Ke7 68. Kxg6 Ke6 69. Kg5 Ke7 70. Kf5 Kf7 71. Kxe5 Ke7 72.
Kd5 Kd7 73. e5 Ke7 74. e6 Ke8 1/2-1/2

[Event "Ýòàï Êóáêà Ðîññèè ïî øàõìàòàì ñðåäè æåíù"]
[Site "Naberezhnye Chelny"]
[Date "2017.08.04"]
[Round "3.4"]
[White "Áåëîâà, Îëüãà."]
[Black "Ìèðçîåâà, Ýëüìèðà."]
[Result "0-1"]
[WhiteElo "2042"]
[BlackElo "2307"]
[PlyCount "102"]
[EventDate "2017.08.02"]

1. e4 c5 2. Nf3 Nc6 3. Bb5 g6 4. Bxc6 bxc6 5. O-O Bg7 6. Re1 Rb8 7. e5 Nh6 8.
d4 cxd4 9. Qxd4 Qb6 10. c3 Nf5 11. Qe4 c5 12. a4 Bb7 13. Qe2 O-O 14. a5 Qe6 15.
Nbd2 f6 16. a6 Bd5 17. Ra5 fxe5 18. Ng5 Qc6 19. Nde4 d6 20. f3 h6 21. Nh3 Qb6
22. Ra3 Be6 23. Qf2 c4 24. Qxb6 Rxb6 25. f4 Bc8 26. fxe5 Bxe5 27. Rf1 g5 28. g4
Nh4 29. Rxf8+ Kxf8 30. Be3 Rxa6 31. Rxa6 Bxa6 32. Nd2 d5 33. Bxa7 Bc8 34. Nf2
Bf4 35. Nf1 Nf3+ 36. Kg2 Ne1+ 37. Kg1 Nd3 38. Nxd3 cxd3 39. Be3 Bxg4 40. Kf2 e5
41. Ke1 Kf7 42. Kd2 e4 43. b4 Ke6 44. Ng3 h5 45. b5 h4 46. Nh1 Kd6 47. Nf2 Bf5
48. Nd1 h3 49. Ke1 Bxh2 50. Bxg5 Bg3+ 51. Kf1 Bg4 0-1

[Event "Ýòàï Êóáêà Ðîññèè ïî øàõìàòàì ñðåäè æåíù"]
[Site "Naberezhnye Chelny"]
[Date "2017.08.04"]
[Round "3.5"]
[White "Ìàêàðåíêî, Àëåêñàíäðà."]
[Black "Ñàìóñåíêî, Ðàìçèÿ."]
[Result "1-0"]
[WhiteElo "2243"]
[BlackElo "2228"]
[PlyCount "143"]
[EventDate "2017.08.02"]

1. e4 d6 2. d4 Nf6 3. Nc3 e5 4. Nf3 Nbd7 5. Bc4 Be7 6. O-O O-O 7. Qe2 c6 8. Rd1
exd4 9. Nxd4 Re8 10. f3 d5 11. exd5 Bc5 12. Qf2 Nb6 13. Bb3 cxd5 14. Bg5 Be6
15. Be3 Bd7 16. a4 h6 17. Kf1 Nc4 18. Bxc4 dxc4 19. Nf5 Bxe3 20. Nxe3 Qc7 21.
Kg1 Be6 22. Nb5 Qc5 23. Nd6 Re7 24. Nexc4 Qc7 25. b3 Bxc4 26. Nxc4 b6 27. Re1
Rae8 28. Rxe7 Qxe7 29. Rd1 Qb4 30. g3 Qc3 31. Kg2 Qb4 32. Qd2 Qe7 33. Kf2 Qc5+
34. Qd4 Qe7 35. Qd3 Qc5+ 36. Kf1 Qh5 37. Kg2 Qc5 38. Qd2 Qe7 39. Qf2 Qb4 40.
Kf1 Qc3 41. Rd3 Qa1+ 42. Kg2 Qc1 43. Qd2 Qe1 44. Qxe1 Rxe1 45. Rd8+ Kh7 46. Rd2
Re7 47. Kf2 Rc7 48. Ke3 Nd7 49. Rd6 Nc5 50. Kd4 Ne6+ 51. Kc3 Kg6 52. Kd3 Kf6
53. Ne3 Ke5 54. Rd5+ Kf6 55. Rf5+ Kg6 56. b4 f6 57. h4 Kf7 58. Rd5 g6 59. h5
gxh5 60. Rxh5 Kg6 61. Rd5 Ng5 62. f4 Nf7 63. c4 a6 64. c5 b5 65. a5 Kg7 66.
Nf5+ Kf8 67. Kd4 h5 68. Nh4 Ke7 69. Rxh5 Nd8 70. Rh7+ Nf7 71. Nf5+ Ke6 72. Nd6
1-0

[Event "Ýòàï Êóáêà Ðîññèè ïî øàõìàòàì ñðåäè æåíù"]
[Site "Naberezhnye Chelny"]
[Date "2017.08.04"]
[Round "3.6"]
[White "Êîçèíà, Àíàñòàñèÿ."]
[Black "Ïîãîðåëüñêèõ, Ñîôüÿ."]
[Result "1/2-1/2"]
[WhiteElo "2132"]
[BlackElo "2028"]
[PlyCount "111"]
[EventDate "2017.08.02"]

1. e4 c5 2. Nf3 d6 3. d4 cxd4 4. Nxd4 Nf6 5. Nc3 a6 6. Bg5 e6 7. f4 Qb6 8. Qd3
Qxb2 9. Rb1 Qa3 10. f5 Be7 11. Bd2 Qa5 12. Be2 Qc7 13. O-O e5 14. Nb3 b6 15.
Qg3 Bb7 16. Bd3 Kf8 17. Kh1 b5 18. Qe3 Nbd7 19. a4 b4 20. Ne2 d5 21. exd5 Nxd5
22. Qh3 N7f6 23. c4 bxc3 24. Nxc3 Nxc3 25. Bxc3 Qxc3 26. Rfc1 Qb4 27. Nc5 Qd4
28. Rc4 Qd5 29. Nxb7 e4 30. Bf1 Rb8 31. Rc7 Ne8 32. Bc4 Qe5 33. Qh5 Nd6 34.
Bxa6 Nxf5 35. Qh3 Qxc7 36. Qxf5 Qc6 37. Qb5 Qxb5 38. axb5 f5 39. Rf1 g6 40. g4
Kf7 41. gxf5 gxf5 42. Rxf5+ Ke6 43. Rf1 Rhf8 44. Re1 Kd5 45. Na5 Bc5 46. Bb7+
Kd6 47. Bxe4 Bb4 48. Nc4+ Kc5 49. Rc1 Kd4 50. Bc6 Rf2 51. b6 Re2 52. b7 Re7 53.
Nb6 Ba5 54. Nd7 Rxd7 55. Rd1+ Kc5 56. Bxd7 1/2-1/2

[Event "Ýòàï Êóáêà Ðîññèè ïî øàõìàòàì ñðåäè æåíù"]
[Site "Naberezhnye Chelny"]
[Date "2017.08.04"]
[Round "3.7"]
[White "Çèííàòóëëèíà, Àäåëÿ."]
[Black "Âàñèëåâè÷, Òàòüÿíà."]
[Result "0-1"]
[WhiteElo "1985"]
[BlackElo "2380"]
[PlyCount "76"]
[EventDate "2017.08.02"]

1. d4 g6 2. c4 Bg7 3. e4 Nc6 4. Nf3 d6 5. h3 e5 6. d5 Nce7 7. Nc3 f5 8. Bd3 Nf6
9. O-O O-O 10. b4 a5 11. Ba3 axb4 12. Bxb4 b6 13. a4 h6 14. Qc2 f4 15. a5 c5
16. dxc6 Nxc6 17. Ba3 Nxa5 18. Rfd1 Be6 19. Nb5 Ne8 20. Be2 Nb7 21. Qd2 Rf7 22.
Qb4 Nc5 23. Nc3 Rfa7 24. Rdb1 Bf8 25. Qb2 Na4 26. Qb3 Nxc3 27. Qxc3 Nf6 28. Nd2
Qc7 29. Rb3 h5 30. Bd3 Nd7 31. Rab1 b5 32. Bc1 bxc4 33. Bxc4 Bxc4 34. Qxc4+
Qxc4 35. Nxc4 Nc5 36. Rb6 Nxe4 37. Ba3 Rxa3 38. Nxa3 Rxa3 0-1

[Event "Ýòàï Êóáêà Ðîññèè ïî øàõìàòàì ñðåäè æåíù"]
[Site "Naberezhnye Chelny"]
[Date "2017.08.04"]
[Round "3.8"]
[White "Øàéäóëëèíà, Ñàíäóãà÷."]
[Black "Òåðÿåâà, Âàëåðèÿ."]
[Result "1-0"]
[WhiteElo "2252"]
[BlackElo "1771"]
[PlyCount "41"]
[EventDate "2017.08.02"]

1. d4 f5 2. c4 Nf6 3. Nc3 e6 4. a3 b6 5. Nf3 Bb7 6. d5 exd5 7. cxd5 Be7 8. g3
a5 9. Bg2 Na6 10. O-O O-O 11. Nd4 g6 12. d6 Bxg2 13. dxe7 Qxe7 14. Kxg2 Nc5 15.
Bh6 Rfe8 16. Bg5 Qd6 17. Bf4 Qe7 18. Bxc7 d6 19. Ndb5 Nce4 20. Nd5 Ng4 21.
Nxe7+ 1-0

[Event "Ýòàï Êóáêà Ðîññèè ïî øàõìàòàì ñðåäè æåíù"]
[Site "Naberezhnye Chelny"]
[Date "2017.08.04"]
[Round "3.9"]
[White "Íèêîíîâà, Èðèíà."]
[Black "Ñìèðíîâà, Åêàòåðèíà."]
[Result "0-1"]
[WhiteElo "1839"]
[BlackElo "2141"]
[PlyCount "92"]
[EventDate "2017.08.02"]

1. e4 e6 2. d3 d5 3. Nd2 c5 4. Ngf3 g6 5. g3 Bg7 6. Bg2 Ne7 7. O-O Nbc6 8. Re1
O-O 9. Nf1 e5 10. exd5 Nxd5 11. Ne3 Be6 12. Nc4 f6 13. a4 Re8 14. b3 b6 15. Qd2
Qd7 16. Bb2 a6 17. Reb1 Rab8 18. Rd1 Bf7 19. Re1 b5 20. axb5 axb5 21. Na5 Nd4
22. c3 Nf5 23. Qc2 Qc7 24. Ra2 Ra8 25. Rea1 Ra6 26. b4 cxb4 27. c4 bxc4 28.
Nxc4 Rxa2 29. Rxa2 Nb6 30. Nfd2 Nxc4 31. dxc4 Rb8 32. Ra6 Nd4 33. Qd3 f5 34. h3
e4 35. Qb1 Ne2+ 36. Kh2 Nc3 37. Qa1 Qd8 38. Ra7 Rc8 39. Nb1 Rxc4 40. Bf1 Rc8
41. Rb7 Ra8 42. Ba6 Qd6 43. Bc4 Rxa1 44. Bxf7+ Kf8 45. Bxa1 Qc6 46. Ra7 Qc5 0-1

[Event "Ýòàï Êóáêà Ðîññèè ïî øàõìàòàì ñðåäè æåíù"]
[Site "Naberezhnye Chelny"]
[Date "2017.08.04"]
[Round "3.10"]
[White "ßêèìîâà, Ìàðèÿ."]
[Black "Ëûñåíêî, Ìàðãàðèòà."]
[Result "0-1"]
[WhiteElo "1772"]
[BlackElo "2126"]
[PlyCount "109"]
[EventDate "2017.08.02"]

1. e4 c5 2. Nf3 Nc6 3. d4 cxd4 4. Nxd4 g6 5. Nc3 Bg7 6. Be3 Nf6 7. Bc4 O-O 8.
Bb3 d6 9. f3 Bd7 10. Qd2 Nxd4 11. Bxd4 Bc6 12. O-O-O b5 13. h4 a5 14. h5 e5 15.
Be3 a4 16. Bd5 b4 17. Bxc6 bxc3 18. Qxd6 cxb2+ 19. Kxb2 Rb8+ 20. Ka1 Qa5 21.
Qc5 Qa6 22. hxg6 fxg6 23. c4 Kh8 24. Bb5 Qa8 25. Bh6 Bxh6 26. Rxh6 Qa5 27. Qxe5
Rbe8 28. Qb2 a3 29. Qc2 Rc8 30. Qb3 Nh5 31. Qe3 Rcd8 32. Rd5 Rxd5 33. exd5 Qc7
34. Qxa3 Qg7+ 35. Qb2 Qxb2+ 36. Kxb2 Kg7 37. Rxh5 gxh5 38. d6 Kf6 39. d7 Ke7
40. a4 Rg8 41. c5 Rxg2+ 42. Kb3 h4 43. c6 Kd8 44. a5 Kc7 45. Bc4 Rg3 46. Bd5
Rg5 47. Kc4 Rf5 48. a6 Rf8 49. Kc5 h3 50. f4 h2 51. a7 Ra8 52. f5 Rxa7 53.
d8=Q+ Kxd8 54. Kb6 Rf7 55. f6 0-1

[Event "Ýòàï Êóáêà Ðîññèè ïî øàõìàòàì ñðåäè æåíù"]
[Site "Naberezhnye Chelny"]
[Date "2017.08.04"]
[Round "3.11"]
[White "Ñîñíèíà, Åêàòåðèíà."]
[Black "Àçèìîâà, Êàðèíà."]
[Result "0-1"]
[WhiteElo "1732"]
[BlackElo "2061"]
[PlyCount "108"]
[EventDate "2017.08.02"]

1. e4 Nf6 2. e5 Nd5 3. d4 d6 4. c4 Nb6 5. exd6 cxd6 6. Nc3 g6 7. Be3 Bg7 8. Rc1
O-O 9. b3 Bf5 10. Be2 d5 11. c5 Nc8 12. Bf3 e5 13. dxe5 Nc6 14. g4 Be6 15. Bxd5
Nxe5 16. Bxe6 fxe6 17. Bd4 Nxg4 18. Bxg7 Qxd1+ 19. Rxd1 Kxg7 20. Rd7+ Rf7 21.
Rxf7+ Kxf7 22. Nf3 Ne7 23. h3 Nf6 24. Ng5+ Kg8 25. Nxe6 Nc6 26. O-O Re8 27. Nf4
Re5 28. Nd3 Rg5+ 29. Kh2 Nd4 30. f4 Rf5 31. b4 Ne6 32. Nb5 Rd5 33. Re1 Nd4 34.
Nxd4 Rxd4 35. Re6 Nd5 36. Ne5 Rxb4 37. Re8+ Kg7 38. Rb8 Kf6 39. Rf8+ Ke6 40.
Re8+ Kf5 41. Rf8+ Ke4 42. Kg3 g5 43. Kg4 gxf4 44. Nd7 Ke3 45. Re8+ Re4 46. Rf8
f3+ 47. Kg3 Nf4 48. Nf6 Ne2+ 49. Kh2 Ra4 50. Ng4+ Kd4 51. Rxf3 Rxa2 52. Rf2
Kxc5 53. Nf6 h6 54. Nh5 Nc3 0-1

[Event "Ýòàï Êóáêà Ðîññèè ïî øàõìàòàì ñðåäè æåíù"]
[Site "Naberezhnye Chelny"]
[Date "2017.08.04"]
[Round "3.12"]
[White "×åêìàðåâà, Ëèÿ."]
[Black "Ëûñåíêî, Îëåñÿ."]
[Result "1-0"]
[WhiteElo "2092"]
[BlackElo "1658"]
[PlyCount "41"]
[EventDate "2017.08.02"]

1. d4 Nf6 2. c4 g6 3. Nc3 Bg7 4. e4 d6 5. Nge2 O-O 6. Ng3 e5 7. d5 a5 8. h4 Na6
9. h5 Nc5 10. Be2 Bd7 11. Be3 c6 12. Qd2 Qe7 13. Bg5 Rab8 14. Rd1 Rfd8 15. O-O
Qf8 16. f4 h6 17. fxe5 Nfxe4 18. Ncxe4 Nxe4 19. Nxe4 hxg5 20. e6 Be8 21. exf7+
1-0

[Event "Ýòàï Êóáêà Ðîññèè ïî øàõìàòàì ñðåäè æåíù"]
[Site "Naberezhnye Chelny"]
[Date "2017.08.04"]
[Round "3.13"]
[White "Ôàéðóçîâà, Çóëüôèÿ."]
[Black "Øàôèãóëëèíà, Çàðèíà."]
[Result "0-1"]
[WhiteElo "1707"]
[BlackElo "2086"]
[PlyCount "64"]
[EventDate "2017.08.02"]

1. d4 Nf6 2. Nf3 e6 3. Bf4 b6 4. h3 Bb7 5. e3 Be7 6. Bd3 Nd5 7. Bg3 Nb4 8. O-O
Nxd3 9. cxd3 O-O 10. Nbd2 d6 11. e4 Nd7 12. Rc1 Kh8 13. Qb3 Bf6 14. Rfd1 Rc8
15. a4 Nb8 16. Bf4 Nc6 17. Be3 a5 18. Nc4 d5 19. Nce5 Nb4 20. Bd2 Nxd3 21. Nxd3
dxe4 22. Nc5 Bd5 23. Qa3 exf3 24. Nb3 Be7 25. Qa2 fxg2 26. Rc3 Bb4 27. Rg3 Bd6
28. Re3 c6 29. Qb1 Qc7 30. f3 Bh2+ 31. Kf2 Qg3+ 32. Ke2 Bc4+ 0-1

[Event "Ýòàï Êóáêà Ðîññèè ïî øàõìàòàì ñðåäè æåíù"]
[Site "Naberezhnye Chelny"]
[Date "2017.08.04"]
[Round "3.14"]
[White "Ãàåð, Ìàðãàðèòà."]
[Black "Ñîñíèíà, Íàäåæäà."]
[Result "0-1"]
[WhiteElo "1521"]
[BlackElo "1687"]
[PlyCount "54"]
[EventDate "2017.08.02"]

1. d4 Nf6 2. Nf3 g6 3. Bf4 Bg7 4. Nc3 d6 5. e4 Nbd7 6. Qd2 c6 7. O-O-O b5 8. e5
dxe5 9. dxe5 Nh5 10. Bh6 b4 11. Nb1 Qb6 12. Be3 Qa5 13. g4 Nxe5 14. Nxe5 Bxe5
15. gxh5 Bf5 16. Bg2 O-O 17. Qe2 Qxa2 18. Bd4 Bf4+ 19. Rd2 Bxd2+ 20. Qxd2 b3
21. Qh6 f6 22. hxg6 Bxg6 23. Be4 bxc2 24. Bxc2 Rf7 25. Bxg6 hxg6 26. Qxg6+ Rg7
27. Qe4 Qc4+ 0-1